000 00868nam a2200289 c 4500
003 BLK
005 20190913121237.0
008 180911b bul|||||r ||||||| ||bul||
010 _a002996
040 _aBLK
041 _aITA
080 _z859.0-3
100 1 _aNEGRUZZI, Costantino
_eпърви автор
245 0 0 _aAlessandro Lapusneanu
246 _pепос-романи
260 _aLanciano
_bGino Carabba
_c1931
300 _aVIII, 160 с
_c17 см
380 _a82
490 _aScriptori italiani e stranieri
490 _aЧастна колекция - Академик Михаил Арнаудов
_gДарение - Основен фонд
653 _9
_aепос
653 _9
_aромани
655 _aрумънска литература
700 1 _aCostantino Negruzzi
852 _aМА 1286
942 _cKNG
_n0
944 _aCR
_c1996
_kValK
999 _c343335
_d343335